LEADER 00454ogm 2200157z- 450 001 9910320109203321 035 $a(CKB)4910000000119202 035 $a(EXLCZ)994910000000119202 100 $a20240702cuuuuuuuu -u- v 101 0 $aeng 200 10$a2D and 3D Chromosome Painting in Malaria Mosquitoes 210 $cMyJoVE Corp 906 $aVIDEO 912 $a9910320109203321 996 $a2D and 3D Chromosome Painting in Malaria Mosquitoes$92196080 997 $aUNINA LEADER 01353nam2 22002893i 450 001 VAN00107302 005 20241122125626.443 012 $2fei$aeels a-us esie toou (3) 1779 (R)$5VAN 100 $a20170113d1779 |0itac50 ba 101 $afre 102 $aNL 140 $a||||||||| ||||||||| 181 $ai$b e 182 $an 200 1 $aˆ<<‰Recherches sur la nature et les causes de la richesse des nations traduit de l'anglois de Adam Smith, par M>> 3 205 $aLa Haye$b1779 210 $r[4]$d481, [7] ; 12° 215 $aSegnatura: ?2 A-Z?/? 2A-2R?/? 2S² *² 461 1$1001VAN00087728$12001 $aRecherches sur la nature et les causes de la richesse des nations traduit de l'anglois de Adam Smith, par M$1210 $rLa Haye$d1778-1779$1215 $a4 volumi$d12°.$v3 620 $dL'Aia$3VANL000908 700 1$aSmith$bAdam$f1723-1790$3VANV021994$071866 801 $aIT$bSOL$c20241129$gRICA 899 $aBIBLIOTECA DEL DIPARTIMENTO DI GIURISPRUDENZA$1IT-CE0105$2VAN00 912 $aVAN00107302 950 $aBIBLIOTECA DEL DIPARTIMENTO DI GIURISPRUDENZA$d00LAURIA BL.700. 19 $e00BL 2981 3 20170113 996 $aRecherches sur la nature et les causes de la richesse des nations traduit de l'anglois de Adam Smith, par M*** 3$91439785 997 $aUNICAMPANIA